000 00288nam a2200121Ia 4500
008 211105s9999 xx 000 0 und d
020 _aVYASA15524
100 _aDigambar Swami
245 0 _aVasistha Samhita
250 _a\N
260 _bKaivalyadhama S.M.Y.M. Samiti
_c\N
300 _a100p.
999 _c6765
_d6765